| 000 | 00940nam a2200229 a 4500 | ||
|---|---|---|---|
| 001 | BRCA_8876 | ||
| 005 | 20190320210438.0 | ||
| 008 | 140617s1778----it-#######---#000-0#lat-# | ||
| 041 | _alat | ||
| 044 | _ait | ||
| 084 |
_aBE259 _b.H46 [1788] |
||
| 100 | 1 |
_aHenno, Franz _922095 |
|
| 245 | 1 | 0 | _aRev. Patr. Fr. Francisci Henno Theologia Dog. Moral et Scholast. in gratiam et Juvamen studiosa Juventutis Franciscana FF. Minor. Recollecttorum. tomus secundus, complectens tractatus de actibus humanis, eorumque regulis et principiis. |
| 260 |
_aVenetiis _bSumpt. Haeredis Nicolai Pezzana _c[1788] |
||
| 300 |
_a595 p. (t.2) _c16.7 x 10.7 cm |
||
| 500 | _aSuperiorum permissu, ac Privilegio | ||
| 500 | _aEstado físico: presenta encuadernación en pergamino con cintas rotas y sin portada | ||
| 500 | _aSe anexa una copia impresa de la portada | ||
| 650 | 1 | 4 |
_aTeología _yObras anteriores a 1800 _922096 |
| 902 | _aCFM | ||
| 942 |
_2lcc _cB |
||
| 999 |
_c8527 _d8527 |
||